|
|
|
|
| LEADER |
00000cam a2200000 7i4500 |
| 001 |
0000140604 |
| 005 |
20100809.0 |
| 020 |
|
|
|a 9789774162435
|
| 090 |
0 |
0 |
|a 725.73
|b LAS
|
| 245 |
1 |
4 |
|a The Last Hammas of Cairo
|c photographs by Pascal Meunier ; text by May Telmissany and Eve Gandossi
|
| 260 |
|
|
|a New York :
|b The American University in Cairo Press ,
|c 2009
|
| 300 |
|
|
|a 136p. ;
|c 25cm.
|
| 650 |
0 |
0 |
|a Bathhouses
|z Cairo
|
| 650 |
0 |
0 |
|a Baths, Turkish
|
| 700 |
1 |
|
|a Gandossi, Eve
|
| 700 |
1 |
|
|a Meunier, Pascal
|
| 700 |
1 |
|
|a Telmissany, May
|
| 999 |
|
|
|a 00238584
|b BUKU
|c RUJUKAN
|e PERPUSTAKAAN KOMUNITI PETALING JAYA
|